[Event "Rottach Egern Seniors Cup 12th"]
[Site "Rottach Egern"]
[Date "2024.04.10"]
[Round "5"]
[White "Stuhlmann, Alexander"]
[Black "Kleinhenz, Hans Georg"]
[Result "0-1"]
[WhiteElo "1930"]
[BlackElo "1832"]
[PlyCount "72"]
[EventDate "2024.04.06"]
[EventType "swiss"]
[EventRounds "9"]
[EventCountry "GER"]
[SourceTitle "CBM 219 Extra"]
[Source "ChessBase"]
[SourceDate "2024.05.31"]
[SourceVersion "1"]
[SourceVersionDate "2024.05.31"]
[SourceQuality "1"]

1. e4 c6 2. d4 d5 3. exd5 cxd5 4. c4 Nf6 5. Nc3 Nc6 6. Be3 e6 7. Nf3 Be7 8. a3 0-0 9. c5 a6 10. Bd3 Qc7 11. 0-0 Rd8 12. b4 e5 13. dxe5 Nxe5 14. Bf4 Nxf3+ 15. Qxf3 Qc6 16. Rfe1 Be6 17. Bf5 Bxf5 18. Rxe7 Rd7 19. Rxd7 Qxd7 20. Rd1 d4 21. Be5 Bg4 22. Qg3 Bxd1 23. Bxf6 Qg4 24. Qxg4 Bxg4 25. Bxd4 Rd8 26. Be3 Rd3 27. h3 Bxh3 28. Ne4 Rd1+ 29. Kh2 Bd7 30. Nd6 Bc6 31. a4 Bxa4 32. Nxb7 Rb1 33. Bd2 Kf8 34. Nd6 Rb2 35. Be1 Re2 36. Bc3 Rxf2 0-1

[Event "Rottach Egern Seniors Cup 12th"]
[Site "Rottach Egern"]
[Date "2024.04.09"]
[Round "4"]
[White "Kleinhenz, Hans Georg"]
[Black "Gutt, Oswald"]
[Result "1/2-1/2"]
[WhiteElo "1832"]
[BlackElo "1938"]
[PlyCount "34"]
[EventDate "2024.04.06"]
[EventType "swiss"]
[EventRounds "9"]
[EventCountry "GER"]
[SourceTitle "CBM 219 Extra"]
[Source "ChessBase"]
[SourceDate "2024.05.31"]
[SourceVersion "1"]
[SourceVersionDate "2024.05.31"]
[SourceQuality "1"]

1. d4 d5 2. Nf3 Nf6 3. g3 e6 4. Bg2 Be7 5. 0-0 0-0 6. c4 b6 7. Nc3 Bb7 8. cxd5 exd5 9. Bf4 a6 10. Qb3 Nc6 11. Rfd1 Na5 12. Qc2 Nc4 13. Rac1 Nd6 14. Nd2 c6 15. e4 dxe4 16. Ndxe4 Ndxe4 17. Nxe4 Nd5 1/2-1/2

[Event "Biel op-B 56th"]
[Site "Biel"]
[Date "2023.07.18"]
[Round "2"]
[White "Kleinhenz, Hans Georg"]
[Black "Koestinger, Paul"]
[Result "0-1"]
[WhiteElo "1803"]
[BlackElo "2023"]
[PlyCount "58"]
[EventDate "2023.07.17"]
[EventType "swiss"]
[EventRounds "9"]
[EventCountry "SUI"]
[SourceTitle "EXT 2024"]
[Source "ChessBase"]
[SourceDate "2023.10.10"]
[SourceVersion "1"]
[SourceVersionDate "2023.10.10"]
[SourceQuality "1"]

1. d4 Nf6 2. Nf3 e6 3. g3 b6 4. Bg2 Bb7 5. 0-0 Be7 6. c4 0-0 7. Nc3 d5 8. b3 Na6 9. Ne5 c6 10. Bb2 Rc8 11. a3 Nb8 12. b4 dxc4 13. Nxc4 Rc7 14. e3 Ba6 15. Qb3 Nd5 16. Rfc1 Bb7 17. Rd1 Qc8 18. Rac1 Nxc3 19. Bxc3 Nd7 20. a4 c5 21. dxc5 Bxg2 22. Kxg2 bxc5 23. b5 Nb6 24. Ba5 Rb7 25. Ne5 Nd5 26. e4 Nf6 27. Qe3 Re8 28. Nd3 Nd7 29. Ne5 Nxe5 0-1

[Event "Bad Wiessee Senioren Cup 8th"]
[Site "Bad Wiessee"]
[Date "2019.05.19"]
[Round "9"]
[White "Kleinhenz, Hans Georg"]
[Black "Loehr, Hans Gerd"]
[Result "1/2-1/2"]
[WhiteElo "1873"]
[BlackElo "1724"]
[PlyCount "45"]
[EventDate "2019.05.11"]
[EventType "swiss"]
[EventRounds "9"]
[EventCountry "GER"]
[SourceTitle "EXT 2020"]
[Source "ChessBase"]
[SourceDate "2019.10.17"]
[SourceVersion "1"]
[SourceVersionDate "2019.10.17"]
[SourceQuality "1"]

1. d4 d5 2. c4 e6 3. g3 Nf6 4. Nf3 Nbd7 5. Bg2 Bb4+ 6. Bd2 Be7 7. 0-0 0-0 8. Qc2 c5 9. dxc5 Nxc5 10. Rd1 Bd7 11. cxd5 exd5 12. Nc3 Rc8 13. Rac1 Nce4 14. Nd4 Nxd2 15. Qxd2 Bc5 16. e3 Bb4 17. Qd3 Bxc3 18. Rxc3 Rxc3 19. Qxc3 Qb6 20. Rc1 g6 21. Qb3 Qxb3 22. Nxb3 Rc8 23. Rxc8+ 1/2-1/2

[Event "Bad Wiessee Senioren Cup 8th"]
[Site "Bad Wiessee"]
[Date "2019.05.16"]
[Round "6"]
[White "Weinwurm, Wolfgang"]
[Black "Kleinhenz, Hans Georg"]
[Result "1-0"]
[WhiteElo "2119"]
[BlackElo "1873"]
[PlyCount "57"]
[EventDate "2019.05.11"]
[EventType "swiss"]
[EventRounds "9"]
[EventCountry "GER"]
[SourceTitle "EXT 2020"]
[Source "ChessBase"]
[SourceDate "2019.10.17"]
[SourceVersion "1"]
[SourceVersionDate "2019.10.17"]
[SourceQuality "1"]

1. e4 e6 2. d4 d5 3. Nc3 Bb4 4. e5 c5 5. Bd2 cxd4 6. Nb5 Bf8 7. Nf3 a6 8. Nbxd4 Nh6 9. Bd3 Nf5 10. Nxf5 exf5 11. 0-0 Be6 12. Qe2 Nd7 13. b4 g6 14. Nd4 Bg7 15. f4 Qb6 16. c3 0-0 17. a4 Rfe8 18. a5 Qa7 19. Be3 Qb8 20. Rfc1 Nf8 21. Qf3 Qd8 22. Bb1 f6 23. exf6 Bxf6 24. Ba2 Bf7 25. Rd1 Qe7 26. Bf2 Qe4 27. Qg3 Ne6 28. Re1 Qxf4 29. Rxe6 1-0

[Event "Bad Woerishofen op 31st"]
[Site "Bad Woerishofen"]
[Date "2015.03.02"]
[Round "4"]
[White "Kleinhenz, Hans Georg"]
[Black "Schulz, Gert"]
[Result "1/2-1/2"]
[WhiteElo "1821"]
[BlackElo "2016"]
[PlyCount "38"]
[EventDate "2015.02.27"]
[EventType "swiss"]
[EventRounds "9"]
[EventCountry "GER"]
[SourceTitle "CBM 165 Extra"]
[Source "ChessBase"]
[SourceDate "2015.04.21"]
[SourceVersion "1"]
[SourceVersionDate "2015.04.21"]
[SourceQuality "1"]

1. d4 Nf6 2. c4 e6 3. g3 d5 4. Nf3 Be7 5. Bg2 0-0 6. 0-0 dxc4 7. Qa4 a6 8. Qxc4 b5 9. Qc2 Bb7 10. Bd2 h6 11. Rd1 Nc6 12. a3 Nxd4 13. Nxd4 Bxg2 14. Kxg2 Qxd4 15. Bxh6 Qe4+ 16. Qxe4 Nxe4 17. Be3 Bf6 18. Ra2 Rfd8 19. Rc1 Rac8 1/2-1/2

[Event "Arber op 3rd"]
[Site "Bayerisch Eisenstein"]
[Date "2014.08.24"]
[Round "9"]
[White "Strasil, Pavel"]
[Black "Kleinhenz, Hans Georg"]
[Result "1-0"]
[WhiteElo "2132"]
[BlackElo "1837"]
[PlyCount "54"]
[EventDate "2014.08.16"]
[EventType "swiss"]
[EventRounds "9"]
[EventCountry "GER"]
[SourceTitle "CBM 161 Extra"]
[Source "ChessBase"]
[SourceDate "2014.08.29"]
[SourceVersion "1"]
[SourceVersionDate "2014.08.29"]
[SourceQuality "1"]

1. c4 e6 2. d4 Nf6 3. g3 c5 4. d5 exd5 5. cxd5 d6 6. Bg2 g6 7. Nc3 Bg7 8. e4 0-0 9. Nge2 a6 10. a4 Nbd7 11. 0-0 Re8 12. h3 Rb8 13. g4 c4 14. Be3 Qc7 15. Ng3 Nc5 16. g5 Nfd7 17. f4 f5 18. gxf6 Bxf6 19. e5 Nxe5 20. fxe5 Bxe5 21. Bf4 Bxf4 22. Rxf4 Nd3 23. Rf1 Qb6+ 24. Kh2 Qxb2 25. Nce4 Kg7 26. Qf3 Bf5 27. Nxd6 Re5 1-0

[Event "Arber op 2nd"]
[Site "Bayerisch Eisenstein"]
[Date "2013.07.07"]
[Round "9"]
[White "Zepke, Armin"]
[Black "Kleinhenz, Hans Georg"]
[Result "1-0"]
[WhiteElo "2117"]
[BlackElo "1899"]
[PlyCount "67"]
[EventDate "2013.06.29"]
[EventType "swiss"]
[EventRounds "9"]
[EventCountry "GER"]
[SourceTitle "CBM 155 Extra"]
[Source "ChessBase"]
[SourceDate "2013.08.26"]
[SourceVersion "1"]
[SourceVersionDate "2013.08.26"]
[SourceQuality "1"]

1. d4 e6 2. Bf4 f5 3. e3 Nf6 4. Nf3 b6 5. Bd3 Bb7 6. Nbd2 Be7 7. c3 0-0 8. Qc2 d6 9. h3 Nh5 10. Bh2 g6 11. 0-0-0 Nd7 12. Rhg1 Qe8 13. g4 Ng7 14. gxf5 exf5 15. h4 Kh8 16. Bf4 Nf6 17. Bh6 Nfh5 18. Ng5 Bxg5 19. Rxg5 Qf7 20. Kb1 Rae8 21. Rdg1 Re7 22. Be2 Rg8 23. Qd1 Be4+ 24. Nxe4 fxe4 25. R5g2 d5 26. Bxg7+ Nxg7 27. h5 Re6 28. hxg6 Rxg6 29. Rxg6 hxg6 30. Rh1+ Nh5 31. Bxh5 gxh5 32. Qxh5+ Qxh5 33. Rxh5+ Kg7 34. Rxd5 1-0

[Event "Arber op 2nd"]
[Site "Bayerisch Eisenstein"]
[Date "2013.07.05"]
[Round "7"]
[White "Vorobiov, Ivan"]
[Black "Kleinhenz, Hans Georg"]
[Result "0-1"]
[WhiteElo "1731"]
[BlackElo "1899"]
[PlyCount "86"]
[EventDate "2013.06.29"]
[EventType "swiss"]
[EventRounds "9"]
[EventCountry "GER"]
[SourceTitle "CBM 155 Extra"]
[Source "ChessBase"]
[SourceDate "2013.08.26"]
[SourceVersion "1"]
[SourceVersionDate "2013.08.26"]
[SourceQuality "1"]

1. e4 e6 2. d4 d5 3. Nc3 Bb4 4. exd5 exd5 5. Nf3 Nc6 6. Bd3 Nge7 7. 0-0 Bf5 8. Re1 0-0 9. a3 Bxc3 10. bxc3 Bxd3 11. cxd3 Re8 12. Bf4 f6 13. Rb1 b6 14. Rb2 Qd7 15. Rbe2 Kf8 16. Qd2 Ng6 17. Bg3 Nce7 18. h3 Nf5 19. Bh2 c6 20. Qb2 Rxe2 21. Rxe2 Re8 22. Kf1 Kf7 23. Qc2 Rxe2 24. Qxe2 Qe7 25. Qc2 Qxa3 26. g4 Nd6 27. Ke2 Ne7 28. Kd2 g6 29. Ne1 Nb5 30. Ng2 Qa5 31. Ke3 Qxc3 32. Qa4 Qc1+ 33. Kf3 a5 34. Bg3 Qa3 35. Qxa3 Nxa3 36. Bc7 Nc8 37. Ke3 Nb5 38. Bf4 g5 39. Bg3 a4 40. Ne1 Ke6 41. Nc2 Ncd6 42. Kd2 Nb7 43. Bc7 Nxc7 0-1

[Event "Arber op 2nd"]
[Site "Bayerisch Eisenstein"]
[Date "2013.06.29"]
[Round "1"]
[White "Furman, Boris"]
[Black "Kleinhenz, Hans Georg"]
[Result "1-0"]
[WhiteElo "2198"]
[BlackElo "1899"]
[PlyCount "115"]
[EventDate "2013.06.29"]
[EventType "swiss"]
[EventRounds "9"]
[EventCountry "GER"]
[SourceTitle "CBM 155 Extra"]
[Source "ChessBase"]
[SourceDate "2013.08.26"]
[SourceVersion "1"]
[SourceVersionDate "2013.08.26"]
[SourceQuality "1"]

1. d4 e6 2. c4 f5 3. Nc3 Nf6 4. e3 c6 5. Bd3 d5 6. Nge2 Bd6 7. f3 0-0 8. Qc2 Qe7 9. Bd2 dxc4 10. Bxc4 b5 11. Bd3 Bd7 12. 0-0 Na6 13. a3 Nc7 14. Rac1 g6 15. f4 Rac8 16. e4 fxe4 17. Nxe4 Nxe4 18. Bxe4 Nd5 19. Qb3 Be8 20. Qh3 Bd7 21. Qb3 Be8 22. Kh1 c5 23. dxc5 Bxc5 24. Bb4 Bf7 25. Bxc5 Rxc5 26. Rxc5 Qxc5 27. Bxd5 exd5 28. Qd3 Re8 29. h3 a6 30. f5 Qe3 31. Qxe3 Rxe3 32. Nd4 Rd3 33. fxg6 hxg6 34. Nc6 Rd2 35. b4 d4 36. Rf4 d3 37. Rd4 Rc2 38. Ne5 Bc4 39. Nxd3 Rc3 40. Ne5 Rxa3 41. Nxg6 Rb3 42. Ne7+ Kf7 43. Nc6 Ke6 44. Rd2 Ra3 45. Nd4+ Ke5 46. Nf3+ Kf4 47. h4 Kg3 48. h5 Ra1+ 49. Ng1 Re1 50. Rd6 Be6 51. h6 Re5 52. Rxa6 Rh5+ 53. Nh3 Rxh6 54. Rb6 Rf6 55. Kg1 Kg4 56. Rxb5 Bc4 57. Rg5+ Kh4 58. Kh2 1-0

[Event "Liechtenstein op 30th"]
[Site "Triesen"]
[Date "2012.05.13"]
[Round "3"]
[White "Kleinhenz, Hans Georg"]
[Black "Peredy, Ferenc"]
[Result "0-1"]
[WhiteElo "1928"]
[BlackElo "2156"]
[PlyCount "50"]
[EventDate "2012.05.11"]
[EventType "swiss"]
[EventRounds "9"]
[EventCountry "LIE"]
[SourceTitle "CBM 148 Extra"]
[Source "ChessBase"]
[SourceDate "2012.06.22"]
[SourceVersion "1"]
[SourceVersionDate "2012.06.22"]
[SourceQuality "1"]

1. d4 Nf6 2. c4 g6 3. Nc3 d5 4. cxd5 Nxd5 5. g3 Bg7 6. Bg2 Nb6 7. e3 0-0 8. Nge2 e5 9. 0-0 Qe7 10. dxe5 Rd8 11. Qc2 Bxe5 12. b3 Nc6 13. a3 Be6 14. Nf4 Bf5 15. Qb2 Qf6 16. Nfe2 Bd3 17. f4 Bxc3 18. Qxc3 Qxc3 19. Nxc3 Bxf1 20. Bxf1 Nd5 21. Nxd5 Rxd5 22. Bb2 Re8 23. Bc4 Rd2 24. Bc1 Rc2 25. h3 Rd8 0-1

[Event "Liechtenstein op 30th"]
[Site "Triesen"]
[Date "2012.05.11"]
[Round "1"]
[White "Kleinhenz, Hans Georg"]
[Black "Wagner, Dennis"]
[Result "0-1"]
[WhiteElo "1928"]
[BlackElo "2424"]
[PlyCount "72"]
[EventDate "2012.05.11"]
[EventType "swiss"]
[EventRounds "9"]
[EventCountry "LIE"]
[SourceTitle "CBM 148 Extra"]
[Source "ChessBase"]
[SourceDate "2012.06.22"]
[SourceVersion "1"]
[SourceVersionDate "2012.06.22"]
[SourceQuality "1"]

1. d4 Nf6 2. c4 g6 3. Nc3 d5 4. e3 Bg7 5. Nf3 0-0 6. Be2 c5 7. 0-0 cxd4 8. exd4 Nc6 9. c5 Ne4 10. Qa4 Bf5 11. Rd1 Rc8 12. Bf4 Nxc3 13. bxc3 Qa5 14. Bb5 Qxa4 15. Bxa4 b6 16. cxb6 axb6 17. Rac1 h6 18. Bb3 g5 19. Bg3 Rfd8 20. Re1 e6 21. h4 f6 22. hxg5 hxg5 23. c4 Bf8 24. cxd5 exd5 25. Red1 Ba3 26. Rc3 Bb2 27. Re3 Na5 28. Re2 Ba3 29. Re3 Nxb3 30. axb3 Bb2 31. Ne1 b5 32. Kf1 b4 33. f3 Rc3 34. Nd3 Rxb3 35. Rb1 Rxd3 36. Rxd3 Bxd3+ 0-1

[Event "Seefeld op 20th"]
[Site "Seefeld"]
[Date "2009.09.28"]
[Round "5"]
[White "Kleinhenz, Hans Georg"]
[Black "Hajdarevic, Dino"]
[Result "1/2-1/2"]
[WhiteElo "1956"]
[BlackElo "1723"]
[PlyCount "22"]
[EventDate "2009.09.24"]
[EventType "swiss"]
[EventRounds "9"]
[EventCountry "AUT"]
[SourceTitle "EXT 2012"]
[Source "ChessBase"]
[SourceDate "2011.11.24"]
[SourceVersion "1"]
[SourceVersionDate "2011.11.24"]
[SourceQuality "1"]

1. d4 Nf6 2. c4 e6 3. g3 d5 4. Nf3 c6 5. Bg2 Nbd7 6. Qc2 Bd6 7. 0-0 0-0 8. Rd1 Ne4 9. b3 f5 10. Ba3 Bxa3 11. Nxa3 Qf6 1/2-1/2

[Event "Seefeld op 20th"]
[Site "Seefeld"]
[Date "2009.09.26"]
[Round "3"]
[White "Kleinhenz, Hans Georg"]
[Black "Egger, Herbert"]
[Result "1-0"]
[WhiteElo "1956"]
[BlackElo "1770"]
[PlyCount "59"]
[EventDate "2009.09.24"]
[EventType "swiss"]
[EventRounds "9"]
[EventCountry "AUT"]
[SourceTitle "EXT 2012"]
[Source "ChessBase"]
[SourceDate "2011.11.24"]
[SourceVersion "1"]
[SourceVersionDate "2011.11.24"]
[SourceQuality "1"]

1. d4 d5 2. c4 c6 3. Nf3 Nf6 4. e3 Bg4 5. Qb3 Qb6 6. Ne5 e6 7. Nxg4 Nxg4 8. Nc3 Qxb3 9. axb3 Bd6 10. h3 Nf6 11. Bd3 0-0 12. 0-0 Nbd7 13. e4 dxe4 14. Nxe4 Nxe4 15. Bxe4 f5 16. Bc2 c5 17. Rd1 Nb6 18. dxc5 Bxc5 19. Bf4 Nc8 20. Rd7 b6 21. Be5 Rf7 22. Rd8+ Rf8 23. Rad1 Rxd8 24. Rxd8+ Kf7 25. Bd1 Be7 26. Rh8 Bf8 27. Bf3 Ne7 28. Bxa8 Ng6 29. Rxf8+ Kxf8 30. Bb8 1-0

[Event "Seefeld op 20th"]
[Site "Seefeld"]
[Date "2009.09.24"]
[Round "1"]
[White "Kleinhenz, Hans Georg"]
[Black "Mueller, Ralf1"]
[Result "0-1"]
[WhiteElo "1956"]
[BlackElo "2410"]
[PlyCount "46"]
[EventDate "2009.09.24"]
[EventType "swiss"]
[EventRounds "9"]
[EventCountry "AUT"]
[SourceTitle "EXT 2012"]
[Source "ChessBase"]
[SourceDate "2011.11.24"]
[SourceVersion "1"]
[SourceVersionDate "2011.11.24"]
[SourceQuality "1"]

1. d4 Nf6 2. c4 g6 3. Nc3 d5 4. e3 Bg7 5. Nf3 0-0 6. Bd2 c6 7. Rc1 dxc4 8. Bxc4 Nbd7 9. 0-0 b5 10. Bd3 a5 11. Ne4 Qb6 12. Qc2 Bb7 13. b4 axb4 14. Bxb4 Rfe8 15. a3 Nxe4 16. Bxe4 Rac8 17. Bc5 Qc7 18. Rfd1 e6 19. Nd2 Nxc5 20. dxc5 Ra8 21. Qb3 Bc8 22. Rc2 e5 23. Ra1 Be6 0-1

[Event "Liechtenstein op 26th"]
[Site "Triesen"]
[Date "2008.04.25"]
[Round "1"]
[White "Siebrecht, Sebastian"]
[Black "Kleinhenz, Hans Georg"]
[Result "1-0"]
[WhiteElo "2490"]
[BlackElo "2015"]
[PlyCount "61"]
[EventDate "2008.04.25"]
[EventType "swiss"]
[EventRounds "9"]
[EventCountry "LIE"]
[SourceTitle "CBM 123 Extra"]
[Source "ChessBase"]
[SourceDate "2008.05.06"]
[SourceVersion "1"]
[SourceVersionDate "2008.05.06"]
[SourceQuality "1"]

1. d4 d5 2. Nf3 Nc6 3. c4 Bg4 4. Nc3 Nf6 5. cxd5 Bxf3 6. gxf3 Nxd5 7. e4 Nxc3 8. bxc3 e5 9. d5 Nb8 10. Rb1 b6 11. Bb5+ Nd7 12. f4 Bd6 13. Qg4 g6 14. fxe5 Bxe5 15. Bd2 Qe7 16. f4 f5 17. Qe2 Bf6 18. e5 Bh4+ 19. Kd1 0-0 20. Kc2 Rfd8 21. c4 a5 22. Rb3 Nc5 23. Rh3 Ne4 24. Bc1 Bf2 25. Rf3 Bc5 26. h4 Bb4 27. h5 g5 28. fxg5 Nxg5 29. Rxf5 h6 30. Rg1 Qh7 31. Qd3 1-0

[Event "Liechtenstein op 25th"]
[Site "Triesen"]
[Date "2007.05.19"]
[Round "9"]
[White "Kleinhenz, Hans Georg"]
[Black "Mertens, Klaus"]
[Result "1/2-1/2"]
[WhiteElo "2020"]
[BlackElo "2092"]
[PlyCount "89"]
[EventDate "2007.05.11"]
[EventType "swiss"]
[EventRounds "9"]
[EventCountry "LIE"]
[SourceTitle "CBM 118 Extra"]
[Source "ChessBase"]
[SourceDate "2007.07.04"]
[SourceVersion "1"]
[SourceVersionDate "2007.07.04"]
[SourceQuality "1"]

1. d4 Nf6 2. c4 e6 3. g3 Bb4+ 4. Bd2 Qe7 5. Bg2 0-0 6. Nc3 c5 7. a3 Bxc3 8. Bxc3 d6 9. Qc2 Nbd7 10. e3 Rb8 11. Nf3 b6 12. 0-0 Bb7 13. Rad1 Ne4 14. Nd2 Nxc3 15. Qxc3 Nf6 16. Rfe1 a6 17. e4 e5 18. dxe5 dxe5 19. f3 Rfd8 20. Nf1 Rd4 21. Ne3 Qe6 22. b3 Rbd8 23. Qc2 g6 24. Qe2 Ne8 25. Nc2 Rxd1 26. Rxd1 Rxd1+ 27. Qxd1 Qd6 28. Qxd6 Nxd6 29. Ne3 f6 30. Bh3 Kf7 31. Kf2 Ke7 32. Ke1 Nf7 33. Kd2 Ng5 34. Bg2 Ne6 35. Nd5+ Bxd5 36. cxd5 Nd4 37. Kc3 Nb5+ 38. Kb2 Kd6 39. Bf1 Nd4 40. Bg2 a5 41. Kc3 b5 42. a4 Ne2+ 43. Kd2 Nd4 44. Kc3 Ne2+ 45. Kd2 1/2-1/2

[Event "Liechtenstein op 24th"]
[Site "Triesen"]
[Date "2006.05.19"]
[Round "1"]
[White "Kleinhenz, Hans Georg"]
[Black "Wiersma, Eelke"]
[Result "0-1"]
[WhiteElo "2023"]
[BlackElo "2409"]
[PlyCount "70"]
[EventDate "2006.05.19"]
[EventType "swiss"]
[EventRounds "9"]
[EventCountry "LIE"]
[SourceTitle "CBM 112 Extra"]
[Source "ChessBase"]
[SourceDate "2006.07.14"]
[SourceVersion "1"]
[SourceVersionDate "2006.07.14"]
[SourceQuality "1"]

1. d4 f5 2. Nf3 Nf6 3. g3 g6 4. Bg2 Bg7 5. 0-0 0-0 6. c3 d6 7. Qb3+ Kh8 8. Ng5 d5 9. Bf4 Nc6 10. Nd2 e6 11. Ngf3 h6 12. Ne5 Ne7 13. f3 Nh5 14. Be3 f4 15. Bf2 fxg3 16. hxg3 Bxe5 17. dxe5 Nf5 18. Qc2 Nhxg3 19. Bxg3 Nxg3 20. Qxg6 Qh4 21. Rf2 Nh1 22. Rff1 Rg8 23. Qf6+ Qxf6 24. exf6 Ng3 25. Rf2 Nh5 26. e4 Bd7 27. e5 Nf4 28. Kh2 Rg5 29. Rd1 Rag8 30. f7 Rxg2+ 31. Rxg2 Rxg2+ 32. Kh1 Kg7 33. Ne4 dxe4 34. fxe4 Bc6 35. Rf1 Rg4 0-1

[Event "Liechtenstein op 21st"]
[Site "Vaduz"]
[Date "2003.05.23"]
[Round "1"]
[White "Kleinhenz, Hans Georg"]
[Black "Riemelmoser, Franz"]
[Result "0-1"]
[WhiteElo "2001"]
[BlackElo "2320"]
[PlyCount "64"]
[EventDate "2003.05.23"]
[EventType "swiss"]
[EventRounds "5"]
[EventCountry "LIE"]
[SourceTitle "CBM 094 Extra"]
[Source "ChessBase"]
[SourceDate "2003.07.09"]
[SourceVersion "2"]
[SourceVersionDate "2003.07.09"]
[SourceQuality "1"]

1. d4 d5 2. c4 e6 3. Nc3 c6 4. cxd5 exd5 5. Bf4 Nf6 6. e3 Qb6 7. Rb1 Bf5 8. Bd3 Bxd3 9. Qxd3 Nbd7 10. Nf3 Be7 11. 0-0 0-0 12. b4 a6 13. a3 Rfe8 14. Nd2 Nh5 15. Bg3 Nxg3 16. hxg3 Nf6 17. Nb3 g6 18. Rfc1 h5 19. Na4 Qc7 20. Nac5 Bd6 21. Na5 Bxg3 22. fxg3 b6 23. Nxc6 bxc5 24. Ne5 c4 25. Qf1 Ne4 26. Qf4 Rac8 27. Rc2 Re6 28. g4 hxg4 29. Nxg4 Qxf4 30. exf4 Nd6 31. Ne5 Nb5 32. a4 Na3 0-1

[Event "Biel MTO op"]
[Site "Biel"]
[Date "2002.07.28"]
[Round "6"]
[White "Kleinhenz, Hans Georg"]
[Black "Cochet, Jean Daniel"]
[Result "0-1"]
[WhiteElo "2008"]
[BlackElo "2068"]
[PlyCount "78"]
[EventDate "2002.07.22"]
[EventType "swiss"]
[EventRounds "11"]
[EventCountry "SUI"]
[SourceTitle "EXT 2003"]
[Source "ChessBase"]
[SourceDate "2002.11.25"]
[SourceVersion "1"]
[SourceVersionDate "2002.11.25"]
[SourceQuality "1"]

1. d4 f5 2. Bg5 c6 3. e3 Qb6 4. b3 d6 5. Nd2 Nd7 6. Bd3 g6 7. c3 Ngf6 8. Rc1 Bg7 9. Ne2 0-0 10. 0-0 h6 11. Bh4 e5 12. Bg3 Nh5 13. Nc4 Qc7 14. f4 e4 15. Bc2 Nb6 16. Nd2 Nxg3 17. Nxg3 Nd5 18. Qe2 b5 19. Bb1 b4 20. cxb4 Qb6 21. Nc4 Qxb4 22. a3 Qb5 23. Ba2 a5 24. Rfd1 Rd8 25. Qd2 Be6 26. Ne2 Kh7 27. Nc3 Nxc3 28. Qxc3 c5 29. Qc2 cxd4 30. exd4 Rdc8 31. Qd2 Qa6 32. d5 Bf7 33. h3 Rc5 34. Ne3 Rac8 35. Rxc5 Rxc5 36. b4 Bc3 37. Qf2 axb4 38. axb4 Bxb4 39. Bb3 Rc3 0-1

[Event "Biel MTO op"]
[Site "Biel"]
[Date "2002.07.22"]
[Round "1"]
[White "Illijin, Neboisa"]
[Black "Kleinhenz, Hans Georg"]
[Result "1-0"]
[WhiteElo "2240"]
[BlackElo "2008"]
[PlyCount "55"]
[EventDate "2002.07.22"]
[EventType "swiss"]
[EventRounds "11"]
[EventCountry "SUI"]
[SourceTitle "EXT 2003"]
[Source "ChessBase"]
[SourceDate "2002.11.25"]
[SourceVersion "1"]
[SourceVersionDate "2002.11.25"]
[SourceQuality "1"]

1. e4 e6 2. d4 d5 3. e5 c5 4. c3 Nc6 5. a3 f6 6. Bd3 Qc7 7. f4 cxd4 8. Nf3 fxe5 9. fxe5 Nxe5 10. Bb5+ Nc6 11. Nxd4 Qe5+ 12. Kd2 Bd7 13. Re1 Qg5+ 14. Kc2 Nxd4+ 15. Qxd4 Qxg2+ 16. Re2 Qg6+ 17. Bd3 Qh5 18. Bf4 Ne7 19. Nd2 Nf5 20. Bxf5 Qxf5+ 21. Kb3 0-0-0 22. Re5 Qf7 23. Rf1 Be7 24. Bg3 Bf6 25. Qxa7 Bc6 26. Ree1 h5 27. Nf3 d4 28. Qb8+ 1-0

[Event "Bayern-chI Bank Hofmann 5th"]
[Site "Bad Wiessee"]
[Date "2001.10.27"]
[Round "1"]
[White "Kleinhenz, Hans Georg"]
[Black "Hammes, Michael"]
[Result "0-1"]
[WhiteElo "2015"]
[BlackElo "2374"]
[PlyCount "46"]
[EventDate "2001.10.27"]
[EventType "swiss"]
[EventRounds "9"]
[EventCountry "GER"]
[SourceTitle "EXT 2003"]
[Source "ChessBase"]
[SourceDate "2002.11.25"]
[SourceVersion "1"]
[SourceVersionDate "2002.11.25"]
[SourceQuality "1"]

1. d4 e6 2. c4 Nf6 3. Nc3 d5 4. cxd5 exd5 5. Bg5 Be7 6. e3 c6 7. Qc2 Nbd7 8. Bd3 Nh5 9. Bxe7 Qxe7 10. Nge2 g6 11. 0-0 Nb6 12. Rae1 Ng7 13. Ng3 Be6 14. e4 dxe4 15. Rxe4 0-0 16. Rd1 Qf6 17. Nce2 Rad8 18. Rf4 Qe7 19. Qc5 Qxc5 20. dxc5 Nc4 21. Bc2 Rxd1+ 22. Bxd1 Nxb2 23. Bb3 Nd3 0-1

[Event "Biel MTO op"]
[Site "Biel"]
[Date "2001.07.29"]
[Round "6"]
[White "Kleinhenz, Hans Georg"]
[Black "Sadeghi, Hassan Roger"]
[Result "0-1"]
[WhiteElo "2025"]
[BlackElo "2155"]
[PlyCount "68"]
[EventDate "2001.07.23"]
[EventType "swiss"]
[EventRounds "11"]
[EventCountry "SUI"]
[SourceTitle "CBM 083 Extra"]
[Source "ChessBase"]
[SourceDate "2001.09.11"]
[SourceVersion "1"]
[SourceVersionDate "2001.09.11"]
[SourceQuality "1"]

1. d4 Nf6 2. c4 e6 3. Nc3 Bb4 4. e3 0-0 5. Nge2 d5 6. a3 Be7 7. Nf4 c6 8. Be2 dxc4 9. Bxc4 Nbd7 10. Nd3 Bd6 11. f4 b5 12. Bb3 Nb6 13. Ne5 Bb7 14. 0-0 a5 15. Bd2 b4 16. axb4 axb4 17. Rxa8 Qxa8 18. Ne2 c5 19. dxc5 Bxc5 20. Nf3 Nbd5 21. Ned4 Qa7 22. Bc1 Qb6 23. Ne5 Rd8 24. Kh1 Nxe3 25. Bxe3 Bxd4 26. Bxd4 Qxd4 27. Qe2 Ne4 28. Ng4 Qb6 29. f5 Rd2 30. Qe3 Nf2+ 31. Kg1 Nxg4 32. Qxb6 Rxg2+ 33. Kh1 Rxh2+ 34. Kg1 Rh1# 0-1

[Event "Biel MTO op"]
[Site "Biel"]
[Date "2001.07.23"]
[Round "1"]
[White "Heedt, Thorsten"]
[Black "Kleinhenz, Hans Georg"]
[Result "1-0"]
[WhiteElo "2264"]
[BlackElo "2025"]
[PlyCount "65"]
[EventDate "2001.07.23"]
[EventType "swiss"]
[EventRounds "11"]
[EventCountry "SUI"]
[SourceTitle "CBM 083 Extra"]
[Source "ChessBase"]
[SourceDate "2001.09.11"]
[SourceVersion "1"]
[SourceVersionDate "2001.09.11"]
[SourceQuality "1"]

1. c4 c5 2. g3 Nf6 3. Bg2 g6 4. Nc3 Bg7 5. e4 d6 6. Nge2 Nc6 7. d3 a6 8. a3 Rb8 9. Rb1 0-0 10. b4 b6 11. 0-0 Na7 12. b5 a5 13. h3 Bb7 14. Bg5 h6 15. Be3 Nc8 16. Qd2 Kh7 17. d4 Nd7 18. f4 e6 19. d5 exd5 20. exd5 f5 21. Rbe1 Qf6 22. g4 Ne7 23. g5 Qf7 24. h4 Rh8 25. Qd3 Kg8 26. Na4 Kf8 27. Bd2 Ra8 28. Bc3 Ke8 29. Ng3 Kd8 30. Re6 Bxc3 31. Qxc3 Kc7 32. Rfe1 Rhe8 33. gxh6 1-0